Normal view
MARC view
- Subha Rani Kurian
Entry Personal Name
001 - CONTROL NUMBER
- control field: 3025
003 - CONTROL NUMBER IDENTIFIER
- control field: OSt
005 - DATE AND TIME OF LATEST TRANSACTION
- control field: 20180303151258.0
008 - FIXED-LENGTH DATA ELEMENTS
- fixed length control field: 180303|| aca||aabn | a|a d
040 ## - CATALOGING SOURCE
- Original cataloging agency: OSt
- Transcribing agency: OSt
100 ## - HEADING--PERSONAL NAME
- Personal name: Subha Rani Kurian
670 ## - SOURCE DATA FOUND
- Source citation: Work cat.: (OSt)15347: ASHOK KUMAR, V. M 3021, Design, fabrication and testing of a bicycle operated duplex pump, 1990
